000
00267nam a2200133Ia 4500
100
_a
McGannon/H/E
942
_c
BK
654
_a
Steel
245
_a
Making
260
_b
United States Steel
_a
Pitsburgh
_c
1971
082
_a
672
300
_a
1420
546
_a
ENGLISH
999
_c
35634
_d
35634